| 000 | 00395nam a2200145 i 4500 | ||
|---|---|---|---|
| 001 | 50153 | ||
| 003 | ES-MaACL | ||
| 005 | 20230906162131.0 | ||
| 007 | t| | ||
| 008 | 030731s1966 sp ||||1| spa d | ||
| 245 | 0 | 0 |
_aCrónica de un año de España _b: (18 julio 1965, 18 julio 1966). |
| 260 |
_aMadrid : _bS.I.E., _c1966. |
||
| 300 |
_a284 p. ; _c21 cm. |
||
| 852 |
_aES-MaACL _jC-29987 _bR.60559 |
||
| 999 |
_c50153 _d50153 |
||